| Tag |
First Indicator |
Second Indicator |
Subfields |
| LEADER |
00000cam a22000008a 4500 |
| 001 |
in00000028146 |
| 005 |
20151007060009.0 |
| 008 |
870227s1987 nyua d 00010 eng |
| 010 |
|
|
|a 87005747
|
| 020 |
|
|
|a 0453005640
|
| 035 |
|
|
|a (OCoLC)15317050
|
| 035 |
|
|
|9 AAB9837AM
|
| 040 |
|
|
|a DLC
|c DLC
|d TXA
|d UtOrBLW
|
| 049 |
|
|
|a TXAF
|c [A11687448]
|
| 050 |
0 |
0 |
|a PN1993.45
|b .K66 1987
|
| 082 |
0 |
|
|a 791.43/0321
|2 19
|
| 100 |
1 |
|
|a Konigsberg, Ira.
|
| 245 |
1 |
4 |
|a The complete film dictionary /
|c Ira Konigsberg.
|
| 263 |
|
|
|a 1111
|
| 264 |
|
1 |
|a New York :
|b New American Library,
|c 1987.
|
| 300 |
|
|
|a viii, 420 pages :
|b illustrations
|
| 336 |
|
|
|a text
|b txt
|2 rdacontent
|
| 337 |
|
|
|a unmediated
|b n
|2 rdamedia
|
| 338 |
|
|
|a volume
|b nc
|2 rdacarrier
|
| 500 |
|
|
|a "NAL Books."
|
| 650 |
|
0 |
|a Motion pictures
|v Dictionaries.
|
| 999 |
|
|
|a MARS
|
| 999 |
f |
f |
|s 3890244b-2173-341f-8262-804fefebd27d
|i c7cfd5d1-65f1-31ce-b307-ad69bd37dd1a
|t 0
|
| 952 |
f |
f |
|p ric
|a Texas A&M University
|b Rellis Campus
|c Joint Library Facility
|d Remote Storage
|t 0
|e PN1993.45 .K66 1987
|h Library of Congress classification
|i unmediated -- volume
|m A14811687448
|
| 998 |
f |
f |
|a PN1993.45 .K66 1987
|t 0
|l Remote Storage
|